BIBLIOTECA PODER JUDICIAL
Portal Judicial TDF

Estatuto para el Personal de Casas Particulares. Diez años de la sanción de un régimen jurídico que se hizo esperar pero que al fin puso las cosas en su lugar / (Registro nro. 5887)

000 -LEADER
fixed length control field 01450nab a22002657a 4500
003 - CONTROL NUMBER IDENTIFIER
control field OSt
005 - DATE AND TIME OF LATEST TRANSACTION
control field 20260109230830.0
008 - FIXED-LENGTH DATA ELEMENTS--GENERAL INFORMATION
fixed length control field 190605e xxu||||| |||| 00| 0 spa d
040 ## - CATALOGING SOURCE
Transcribing agency PJ
100 ## - MAIN ENTRY--PERSONAL NAME
9 (RLIN) 4582
Personal name Gasquet, Pablo A.
245 10 - TITLE STATEMENT
Title Estatuto para el Personal de Casas Particulares. Diez años de la sanción de un régimen jurídico que se hizo esperar pero que al fin puso las cosas en su lugar /
Statement of responsibility, etc Pablo A. Gasquet.
260 ## - PUBLICATION, DISTRIBUTION, ETC. (IMPRINT)
Place of publication, distribution, etc Ciudad Autónoma de Buenos Aires :
Name of publisher, distributor, etc Thomson Reuters La Ley,
Date of publication, distribution, etc 2023.
300 ## - PHYSICAL DESCRIPTION
Extent p. 12-25
500 ## - GENERAL NOTE
General note Cita: TR LALEY AR/DOC/1492/2023.<br/><br/>
505 ## - FORMATTED CONTENTS NOTE
Formatted contents note Sumario: I. Concepto.— II. Sujetos.— III. Objeto.— IV. Modalidades contractuales.— V. Jornada de trabajo, descanso, licencia por enfermedad y tutela de la maternidad.— VI. Remuneración.— VII. Extinción del contrato de trabajo.— VIII. Negociación colectiva.— IX. Conclusión.
505 ## - FORMATTED CONTENTS NOTE
Title ¿Te interesa el texto completo? Solicitalo al correo: koha@justierradelfuego.gov.ar
650 #0 - SUBJECT ADDED ENTRY--TOPICAL TERM
9 (RLIN) 1316
Topical term or geographic name as entry element DERECHO LABORAL
650 #0 - SUBJECT ADDED ENTRY--TOPICAL TERM
9 (RLIN) 1323
Topical term or geographic name as entry element CONTRATO DE TRABAJO
650 #0 - SUBJECT ADDED ENTRY--TOPICAL TERM
9 (RLIN) 4447
Topical term or geographic name as entry element PERSONAL DE CASAS PARTICULARES
650 #0 - SUBJECT ADDED ENTRY--TOPICAL TERM
9 (RLIN) 1466
Topical term or geographic name as entry element MODALIDADES DEL CONTRATO DE TRABAJO
650 #0 - SUBJECT ADDED ENTRY--TOPICAL TERM
9 (RLIN) 1486
Topical term or geographic name as entry element EXTINCION DEL CONTRATO DE TRABAJO
650 #0 - SUBJECT ADDED ENTRY--TOPICAL TERM
9 (RLIN) 1346
Topical term or geographic name as entry element NEGOCIACION COLECTIVA
773 0# - HOST ITEM ENTRY
Host Biblionumber 2711
Host Itemnumber 3168
Place, publisher, and date of publication Ciudad Autónoma de Buenos Aires : Thomson Reuters La Ley, 1999-2002.
Title Revista de derecho del trabajo. Nº 4 - Julio 2023
942 ## - ADDED ENTRY ELEMENTS (KOHA)
Source of classification or shelving scheme
Koha item type Analítica Artículo de Revista

No hay ítems disponibles.

12 de Octubre 789 Ushuaia - Tel:  54(02901)441571
Horario de Atención: 8.00 a 17.00 hs. 
bibliotecaush@justierradelfuego.gov.ar
koha@justierradelfuego.gov.ar
Seguinos en nuestras redes @bibliojustdf 

Con tecnología Koha